header

A survival guide for new special educators (Record no. 163675)

MARC details
000 -LEADER
fixed length control field 01325nam a2200325 a 4500
082 04 - DEWEY DECIMAL CLASSIFICATION NUMBER
Classification number 371.90973
245 02 - TITLE STATEMENT
Title A survival guide for new special educators
260 ## - PUBLICATION, DISTRIBUTION, ETC. (IMPRINT)
Place of publication San Francisco, Calif. :
Name of publisher Jossey-Bass,
Year of publication c2013.
300 ## - PHYSICAL DESCRIPTION
Number of Pages 1 online resource (xxii, 410 p.)
500 ## - GENERAL NOTE
General note Includes index.
650 #0 - SUBJECT ADDED ENTRY--TOPICAL TERM
Topical Term First year teachers
Topical Term Special education
700 1# - ADDED ENTRY--PERSONAL NAME
Personal name Billingsley, Bonnie S.
856 40 - ELECTRONIC LOCATION AND ACCESS
Uniform Resource Identifier http://site.ebrary.com/lib/rucke/Doc?id=10674815
588 ## -
-- Description based on online resource; title from title page (ebrary, viewed May 8, 2013).

No items available.

© 2026 Rongo University
Contact us: librarian | system librarian | Rongo university